| 000 | 00646nam a22001937a 4500 | ||
|---|---|---|---|
| 999 |
_c172981 _d172981 |
||
| 005 | 20200217115720.0 | ||
| 010 | _aA-277159 | ||
| 020 | _c10.00 | ||
| 035 | _aA-277159 | ||
| 037 | _bBPPD/Pub. | ||
| 082 | _a301.452 | ||
| 100 | _aھاشمی، خاور | ||
| 245 |
_aفرقھ پرستی: _bایک تاریخی و سماجی جایزہ / _cخاور ھاشمی |
||
| 246 |
_aFirqah Parasti: Ek Tarikhi-O-Samaji Jaiza (urdu) / _bby Khawar Hashmi |
||
| 260 |
_aDelhi _bMehel Publications _c1986 ء |
||
| 270 |
_a1397, Pahadi Amli, Jama Masjid _bDelhi _e110006 |
||
| 300 |
_a150p. _c20cm(Hb) |
||
| 942 |
_2ddc _cUR _h301.452 _mہ ا ش |
||